Normal view
MARC view
- Pooja Ravenkar - 2k171044 & Prof Ganesh Lotke - Guide
Entry Personal Name
001 - CONTROL NUMBER
- control field: 104991
003 - CONTROL NUMBER IDENTIFIER
- control field: OSt
005 - DATE AND TIME OF LATEST TRANSACTION
- control field: 20221007221229.0
008 - FIXED-LENGTH DATA ELEMENTS
- fixed length control field: 221007|| aca||aabn | a|a d
040 ## - CATALOGING SOURCE
- Original cataloging agency: OSt
- Transcribing agency: OSt
100 ## - HEADING--PERSONAL NAME
- Personal name: Pooja Ravenkar - 2k171044 & Prof Ganesh Lotke - Guide
670 ## - SOURCE DATA FOUND
- Source citation: Work cat.: (OSt)78112: Pooja Ravenkar - 2k171044 & Prof Ganesh Lotke - Guide, Roal Of Total Quality Management In Selected Automoblie Companies, 2018